<?xml version="1.0" encoding="UTF-8"?>
<record
    xmlns:xsi="http://www.w3.org/2001/XMLSchema-instance"
    xsi:schemaLocation="http://www.loc.gov/MARC21/slim http://www.loc.gov/standards/marcxml/schema/MARC21slim.xsd"
    xmlns="http://www.loc.gov/MARC21/slim">

  <leader>03036am aa2200469i 44500</leader>
  <controlfield tag="003">    PE-LiUPU</controlfield>
  <controlfield tag="005">20251126110955.0</controlfield>
  <controlfield tag="008">    2311s2023    sp#a     rb    001 0 spa d</controlfield>
  <datafield tag="020" ind1=" " ind2=" ">
    <subfield code="a">9788413827612</subfield>
    <subfield code="q">(versi&#xF3;n impresa)</subfield>
  </datafield>
  <datafield tag="035" ind1=" " ind2=" ">
    <subfield code="a">PE-LiUPU000061</subfield>
  </datafield>
  <datafield tag="040" ind1=" " ind2=" ">
    <subfield code="a">PE-LiUPU</subfield>
    <subfield code="b">spa</subfield>
    <subfield code="c">PE-LiUPU</subfield>
    <subfield code="e">rda</subfield>
  </datafield>
  <datafield tag="041" ind1="1" ind2=" ">
    <subfield code="a">spa</subfield>
    <subfield code="h">eng</subfield>
  </datafield>
  <datafield tag="082" ind1="0" ind2="4">
    <subfield code="a">610.7301</subfield>
    <subfield code="b">N176d</subfield>
    <subfield code="2">23</subfield>
  </datafield>
  <datafield tag="110" ind1="2" ind2=" ">
    <subfield code="a">NANDA International, Inc.,</subfield>
    <subfield code="e">autor institucional.</subfield>
  </datafield>
  <datafield tag="245" ind1="1" ind2="0">
    <subfield code="a">Diagn&#xF3;sticos enfermeros :</subfield>
    <subfield code="b">definiciones y clasificaci&#xF3;n, 2024&#x2013;2026 /</subfield>
    <subfield code="c">editado por T. Heather Herdman, Shigemi Kamitsuru y Camila Tak&#xE1;o Lopes.</subfield>
  </datafield>
  <datafield tag="250" ind1=" " ind2=" ">
    <subfield code="a">Decimotercera edici&#xF3;n.</subfield>
  </datafield>
  <datafield tag="264" ind1=" " ind2="1">
    <subfield code="a">Barcelona :</subfield>
    <subfield code="b">Elsevier Espa&#xF1;a, S.L.U.,</subfield>
    <subfield code="c">2023.</subfield>
  </datafield>
  <datafield tag="300" ind1=" " ind2=" ">
    <subfield code="a">711 p&#xE1;ginas :</subfield>
    <subfield code="b">ilustraciones, tablas ;</subfield>
    <subfield code="c">27 cm.</subfield>
  </datafield>
  <datafield tag="336" ind1=" " ind2=" ">
    <subfield code="a">texto</subfield>
    <subfield code="b">txt</subfield>
    <subfield code="2">rdacontent</subfield>
  </datafield>
  <datafield tag="337" ind1=" " ind2=" ">
    <subfield code="a">sin mediaci&#xF3;n</subfield>
    <subfield code="b">n</subfield>
    <subfield code="2">rdamedia</subfield>
  </datafield>
  <datafield tag="338" ind1=" " ind2=" ">
    <subfield code="a">volumen</subfield>
    <subfield code="b">nc</subfield>
    <subfield code="2">rdacarrier</subfield>
  </datafield>
  <datafield tag="500" ind1=" " ind2=" ">
    <subfield code="a">Traducci&#xF3;n de la obra original inglesa: Nursing Diagnoses: Definitions and Classification, 2024&#x2013;2026.</subfield>
  </datafield>
  <datafield tag="500" ind1=" " ind2=" ">
    <subfield code="a">Incluye referencias bibliogr&#xE1;ficas e &#xED;ndice al final.</subfield>
  </datafield>
  <datafield tag="500" ind1=" " ind2=" ">
    <subfield code="a">Dep&#xF3;sito legal: B.19.060-2024.</subfield>
  </datafield>
  <datafield tag="504" ind1=" " ind2=" ">
    <subfield code="a">Contiene bibliograf&#xED;a actualizada y recursos en l&#xED;nea.</subfield>
  </datafield>
  <datafield tag="505" ind1="0" ind2=" ">
    <subfield code="a">Parte I. La clasificaci&#xF3;n de NANDA Internacional: valoraci&#xF3;n y diagn&#xF3;stico -- Parte II. La clasificaci&#xF3;n de NANDA Internacional: estructura y diagn&#xF3;sticos -- Parte III. La clasificaci&#xF3;n de NANDA Internacional: qu&#xE9; hay de nuevo y recomendaciones para el futuro -- Parte IV Los diagn&#xF3;sticos enfermeros de NANDA Internacional: Promoci&#xF3;n de la salud; Nutrici&#xF3;n; Eliminaci&#xF3;n e intercambio ; Actividad/reposo ; Percepci&#xF3;n/cognici&#xF3;n ; Autopercepci&#xF3;n ; Rol/relaciones ; Sexualidad ; Afrontamiento/tolerancia al estr&#xE9;s ; Principios vitales ; Seguridad/protecci&#xF3;n ; Confort ; Crecimiento/desarrollo -- &#xCD;ndice.</subfield>
  </datafield>
  <datafield tag="520" ind1=" " ind2=" ">
    <subfield code="a">Referencia oficial de NANDA International que proporciona las definiciones, dominios y clasificaci&#xF3;n de los diagn&#xF3;sticos enfermeros reconocidos internacionalmente para el trienio 2024&#x2013;2026. Incluye diagn&#xF3;sticos revisados, nuevos indicadores y criterios de evidencia para la pr&#xE1;ctica enfermera basada en la evidencia.</subfield>
  </datafield>
  <datafield tag="546" ind1=" " ind2=" ">
    <subfield code="a">Texto en espa&#xF1;ol, traducido del ingl&#xE9;s.</subfield>
  </datafield>
  <datafield tag="610" ind1="2" ind2="4">
    <subfield code="a">NANDA International</subfield>
    <subfield code="x">Normas</subfield>
    <subfield code="9">7599</subfield>
  </datafield>
  <datafield tag="650" ind1="1" ind2="4">
    <subfield code="a">Diagn&#xF3;stico de enfermer&#xED;a</subfield>
    <subfield code="9">7514</subfield>
  </datafield>
  <datafield tag="650" ind1="2" ind2="4">
    <subfield code="a">Proceso de enfermer&#xED;a</subfield>
    <subfield code="9">7674</subfield>
  </datafield>
  <datafield tag="650" ind1="2" ind2="4">
    <subfield code="a">Enfermer&#xED;a</subfield>
    <subfield code="x">Clasificaci&#xF3;n</subfield>
    <subfield code="9">7675</subfield>
  </datafield>
  <datafield tag="655" ind1=" " ind2="7">
    <subfield code="a">Obras de referencia</subfield>
    <subfield code="2">rdfs</subfield>
  </datafield>
  <datafield tag="700" ind1=" " ind2=" ">
    <subfield code="a">Herdman, T. Heather,</subfield>
    <subfield code="e">editora.</subfield>
    <subfield code="9">7516</subfield>
  </datafield>
  <datafield tag="700" ind1=" " ind2=" ">
    <subfield code="a">Kamitsuru, Shigemi,</subfield>
    <subfield code="e">editora.</subfield>
    <subfield code="9">7517</subfield>
  </datafield>
  <datafield tag="700" ind1=" " ind2=" ">
    <subfield code="a">Lopes, Camila Tak&#xE1;o,</subfield>
    <subfield code="e">editora.</subfield>
    <subfield code="9">7518</subfield>
  </datafield>
  <datafield tag="700" ind1=" " ind2=" ">
    <subfield code="a">Espinosa i Fresnedo, Carme,</subfield>
    <subfield code="e">traductora.</subfield>
    <subfield code="9">7519</subfield>
  </datafield>
  <datafield tag="710" ind1=" " ind2=" ">
    <subfield code="a">NANDA International,</subfield>
    <subfield code="e">entidad responsable.</subfield>
    <subfield code="9">7599</subfield>
  </datafield>
  <datafield tag="856" ind1="4" ind2="0">
    <subfield code="u">https://www.elsevier.es/es/libro/diagnosticos-enfermeros-definiciones-y-clasificacion-2024-2026-9788413827612</subfield>
    <subfield code="z">Acceso al sitio web oficial de la editorial.</subfield>
  </datafield>
  <datafield tag="942" ind1=" " ind2=" ">
    <subfield code="2">ddc</subfield>
    <subfield code="c">BK</subfield>
  </datafield>
  <datafield tag="980" ind1=" " ind2=" ">
    <subfield code="6">21515</subfield>
    <subfield code="a">ROMINA COBOS Adquisiciones</subfield>
    <subfield code="8">18226</subfield>
    <subfield code="g">Jaime Vilcaz&#xE1;n Jefe de An&#xE1;lisis Documental</subfield>
  </datafield>
  <datafield tag="999" ind1=" " ind2=" ">
    <subfield code="c">63141</subfield>
    <subfield code="d">63140</subfield>
  </datafield>
  <datafield tag="952" ind1=" " ind2=" ">
    <subfield code="r">2026-03-31 17:53:06</subfield>
    <subfield code="l">2</subfield>
    <subfield code="o">610.7301 N176d</subfield>
    <subfield code="p">82874</subfield>
    <subfield code="s">2026-03-31</subfield>
    <subfield code="t">e1</subfield>
    <subfield code="v">55.00</subfield>
    <subfield code="w">2025-10-24</subfield>
    <subfield code="x">FCS</subfield>
    <subfield code="y">BK</subfield>
    <subfield code="1">0</subfield>
    <subfield code="2">ddc</subfield>
    <subfield code="5">0</subfield>
    <subfield code="7">0</subfield>
    <subfield code="8">GEN</subfield>
    <subfield code="f">P22</subfield>
    <subfield code="a">BUL</subfield>
    <subfield code="b">BUL</subfield>
    <subfield code="c">GEN</subfield>
    <subfield code="d">2025-10-20</subfield>
    <subfield code="e">Compra, LICTUN SAC</subfield>
    <subfield code="g">50.00</subfield>
  </datafield>
</record>
